Lebensmittel mit "T" - Statistiken

Allgemein
  • Dieses Quiz wurde 291 mal gespielt
  • Das Durchschnittsergebnis liegt bei 14 aus 47
Antwortstatistiken
Lebensmittel % Korrekt
Tomate
93%
Tee
80%
Trauben
62%
Thunfisch
59%
Torte
55%
Tomatenmark
50%
Tintenfisch
49%
Tomatensaft
49%
Tomatensuppe
46%
Teig
43%
Toast
42%
Tomatensauce
42%
Traubensaft
41%
Tomatensalat
40%
Teewurst
38%
Tamarinde
36%
Tiramisu
33%
Tomatenketchup
32%
Tafelspitz
30%
Tortellini
30%
Trinkschokolade
29%
Thymian
28%
Trüffel
28%
Tagliatelle
27%
Tofu
26%
Truthahn
25%
Tafelwasser
21%
Tabasco
20%
Taco
20%
Tequila
20%
Tortilla
18%
Tilsiter
16%
Tiefkühlpizza
15%
Tafelsalz
14%
Trockenfrüchte
14%
Tatar
13%
Traubenzucker
13%
Teigtasche
12%
Tortenboden
11%
Tapa
9%
T-Bone-Steak
9%
Teigwaren
7%
Terrine
7%
Trockenfleisch
5%
Tonic Water
4%
Tsatsiki
4%
Tortelette
2%
Keine übereinstimmenden Quizze gefunden
Verteilung der Resultate
Anzahl Personen mit jedem Resultat
Perzentil nach korrekt beantworteten Fragen
Ihre Resultats-Entwicklung
Sie haben dieses Quiz noch nicht gespielt